[Event "Vrnjacka Banja"]
[Site "Vrnjacka Banja"]
[Date "1983.??.??"]
[Round "10"]
[White "Maksimovic, Branimir"]
[Black "Martinovic, Slobodan"]
[Result "0-1"]
[WhiteElo "2150"]
[BlackElo "2445"]
[PlyCount "32"]
[EventDate "1983.04.??"]
[Source "ChessBase"]

1. d4 Nf6 2. Nc3 d5 3. Bg5 Bf5 4. f3 c6 5. e3 Nbd7 6. g4 Bg6 7. Bd3 e6 8. Nge2 Be7 9. Nf4 e5 10. Bxg6 hxg6 11. Nd3 exd4 12. Bxf6 Bxf6 13. exd4 Bxd4 14. Ne2 Be3 15. Kf1 Qh4 16. h3 Ne5 0-1

[Event "TCh-Vojvodina"]
[Site "?"]
[Date "2004.09.26"]
[Round "2"]
[White "Kolognat Petar"]
[Black "Pezelj Novak"]
[Result "0-1"]
[WhiteElo "2301"]
[BlackElo "2279"]
[PlyCount "98"]
[EventDate "2004.??.??"]
[Source "www.chesslib.no"]
[SourceDate "2004.05.04"]

1. d4 Nf6 2. Nc3 d5 3. Bg5 Bf5 4. f3 Bg6 5. e3 Nbd7 6. Bd3 c6 7. Nge2 e5 8. O-O Be7 9. Kh1 Qc7 10. e4 dxe4 11. Bxe4 Nxe4 12. Nxe4 Bxg5 13. Nxg5 h6 14. Nh3 O-O 15. c3 Rad8 16. Re1 Nc5 17. Nf2 Ne6 18. Qd2 exd4 19. cxd4 Nxd4 20. Nxd4 Qb6 21. Ng4 Rxd4 22. Qf2 Bf5 23. h3 Rb4 24. Qxb6 axb6 25. b3 Rd4 26. Re7 Rd7 27. Rae1 Rfd8 28. Re8+ Kh7 29. Rxd8 Rxd8 30. Re7 Rd7 31. Re8 Be6 32. Rb8 b5 33. Ne5 Rd1+ 34. Kh2 f6 35. Ng4 h5 36. Nf2 Rd2 37. Ne4 Rxa2 38. Rxb7 Bxb3 39. Nxf6+ Kg6 40. Ne8 Bf7 41. Nd6 Bd5 42. Kg1 Re2 43. g4 Bxf3 44. Nf5 hxg4 45. hxg4 Rg2+ 46. Kf1 Rxg4 47. Nxg7 Re4 48. Kf2 Bg4 49. Kg3 Be2 0-1

[Event "1. Chesspangenberg Open"]
[Site "?"]
[Date "2003.11.13"]
[Round "9"]
[White "Garbarino Rodolfo"]
[Black "Del Cuadro Nestor"]
[Result "1-0"]
[WhiteElo "2393"]
[BlackElo "2186"]
[PlyCount "73"]
[EventDate "2003.??.??"]
[Source "www.chesslib.no"]
[SourceDate "2004.05.04"]

1. d4 Nf6 2. Nc3 d5 3. Bg5 Bf5 4. f3 c6 5. Qd2 Nbd7 6. e3 h6 7. Bh4 e6 8. Nge2 Qc7 9. Bg3 Bd6 10. Bxd6 Qxd6 11. Ng3 Bg6 12. Bd3 Bxd3 13. cxd3 c5 14. dxc5 Qxc5 15. d4 Qb6 16. O-O O-O 17. Kh1 Rfd8 18. Rad1 Rdc8 19. e4 Nf8 20. e5 N6d7 21. f4 f5 22. exf6 Nxf6 23. f5 Rc4 24. fxe6 Nxe6 25. Nf5 Ng5 26. Ne7+ Kh8 27. Nexd5 Nxd5 28. Nxd5 Qd6 29. b3 Rc6 30. Ne3 Ne4 31. Qd3 Nf6 32. Nc4 Qb4 33. Ne5 Rc7 34. Qg3 Qb6 35. h3 a5 36. Nc4 Rxc4 37. bxc4 1-0

[Event "CZE-chT1c 9495"]
[Site "Czech Republic"]
[Date "1995.??.??"]
[Round "1"]
[White "Vavruska, Antonin"]
[Black "Walek, Milan"]
[Result "0-1"]
[WhiteElo "2260"]
[BlackElo "2310"]
[PlyCount "98"]
[EventDate "1994.??.??"]
[Source "www.chesslib.no"]
[SourceDate "2004.05.04"]

1. d4 Nf6 2. Nc3 d5 3. Bg5 Bf5 4. f3 c6 5. Qd2 Nbd7 6. O-O-O h6 7. Bh4 g5 8. Bg3 e6 9. e3 Bb4 10. Bd3 Bxd3 11. Qxd3 Qe7 12. Nge2 O-O-O 13. a3 Ba5 14. e4 Nh5 15. Be1 Bc7 16. Na4 f5 17. Bb4 Bd6 18. Ba5 b6 19. Qa6+ Kb8 20. e5 Bc7 21. Bb4 Qf7 22. Rd3 Ka8 23. Rb3 Nb8 24. Qd3 Qd7 25. Nec3 Rc8 26. g3 Bd8 27. Bd6 Be7 28. Bxe7 Qxe7 29. Ne2 Ng7 30. Kb1 Ne8 31. c4 dxc4 32. Qxc4 Nc7 33. Nac3 Nd5 34. Rc1 Qd7 35. Qa4 Kb7 36. Qc4 Rhd8 37. Na4 Ka8 38. Qd3 c5 39. Qb5 Qxb5 40. Rxb5 cxd4 41. Rb3 Nc6 42. Re1 Na5 43. Rd3 b5 44. b4 bxa4 45. bxa5 Rc4 46. Red1 Rb8+ 47. Ka1 Ne3 48. R1d2 Nc2+ 49. Rxc2 Rxc2 0-1

[Event "HUN-chT2 0203 Charousek"]
[Site "?"]
[Date "2002.10.06"]
[Round "1"]
[White "Portisch Gabor"]
[Black "Honfi Gyorgy"]
[Result "1/2-1/2"]
[WhiteElo "2328"]
[BlackElo "2240"]
[PlyCount "67"]
[EventDate "2002.??.??"]
[Source "www.chesslib.no"]
[SourceDate "2004.05.04"]

1. d4 d5 2. Nc3 Nf6 3. Bg5 Bf5 4. f3 h6 5. Bh4 g5 6. Bg3 e6 7. e3 Bd6 8. Bd3 Bxg3+ 9. hxg3 Nc6 10. Nge2 Qd7 11. g4 Bxd3 12. Qxd3 O-O-O 13. O-O-O h5 14. gxh5 Nxh5 15. Na4 Nb4 16. Qb3 Qb5 17. Nac3 Qa5 18. a3 Nc6 19. Qa2 b5 20. b4 Qb6 21. e4 dxe4 22. Nxe4 Nxd4 23. Nxd4 Rxd4 24. Nc5 Rxd1+ 25. Rxd1 Rd8 26. Rxd8+ Kxd8 27. Qb2 Ke7 28. Qe5 f6 29. Qe4 Kf7 30. Qd3 Ng7 31. Qd7+ Kg6 32. Qd3+ Kf7 33. Qd7+ Kg6 34. Qd3+ 1/2-1/2

[Event "It (Open) Bad Woerishofen GER"]
[Site "?"]
[Date "2006.03.18"]
[Round "2"]
[White "Lodes Hermann"]
[Black "Roeder Mathias"]
[Result "0-1"]
[WhiteElo "2167"]
[BlackElo "2400"]
[PlyCount "96"]
[EventDate "2006.??.??"]
[Source "www.chesslib.no"]
[SourceDate "2004.05.04"]

1. d4 Nf6 2. Nc3 d5 3. Bg5 Bf5 4. f3 Nbd7 5. e3 c6 6. Bd3 Bxd3 7. Qxd3 Qa5 8. Nge2 g6 9. Qd2 Bg7 10. Bxf6 Nxf6 11. Ne4 Qxd2+ 12. Nxd2 O-O 13. Kf2 Nd7 14. f4 c5 15. c3 Rfc8 16. Nb3 Rab8 17. Nxc5 Nxc5 18. dxc5 Rxc5 19. Rhd1 e6 20. Rd2 b5 21. Nc1 Rc4 22. Nd3 a5 23. a3 f6 24. Ne1 Kf7 25. Nc2 Rb7 26. Re1 Bf8 27. Kf3 b4 28. axb4 axb4 29. Nxb4 Bxb4 30. cxb4 Rcxb4 31. Ree2 Ke7 32. Kf2 Kd6 33. Ke1 e5 34. g3 Ke6 35. Kd1 R7b5 36. Rf2 Rb3 37. Rfe2 Kf5 38. Kc1 Ke4 39. fxe5 fxe5 40. Rc2 Rxe3 41. Rxe3+ Kxe3 42. Rc7 d4 43. Rxh7 d3 44. Rd7 Ke2 45. h4 e4 46. g4 e3 47. b4 Rxb4 48. h5 Rxg4 0-1

[Event "20th Belgrade Trophy"]
[Site "Belgrade SRB"]
[Date "2007.11.28"]
[Round "7"]
[White "Krgovic, V."]
[Black "Vujacic, Bo"]
[Result "1-0"]
[WhiteElo "2214"]
[BlackElo "2346"]
[PlyCount "99"]
[EventDate "2007.11.22"]
[Source "www.chesslib.no"]
[SourceDate "2004.05.04"]

1. d4 Nf6 2. Nc3 d5 3. Bg5 Bf5 4. f3 Nbd7 5. Nxd5 Nxd5 6. e4 h6 7. Bh4 Ne3 8. Qe2 Nxf1 9. exf5 Nxh2 10. Rxh2 c6 11. g4 Qa5+ 12. Qd2 Qd5 13. b3 O-O-O 14. c4 Qd6 15. O-O-O Nf6 16. Kb1 e6 17. Rg2 exf5 18. gxf5 Qd7 19. Qc2 Re8 20. Ne2 Bb4 21. d5 cxd5 22. Rxg7 Nh5 23. Rxd5 Qc7 24. f6 Rxe2 25. Qxe2 Nf4 26. Qc2 Nxd5 27. cxd5 Rf8 28. Bg3 Qc5 29. Qxc5+ Bxc5 30. Be5 Kd7 31. Rh7 Ke8 32. Rxh6 Rg8 33. Rh2 Kd7 34. Kc2 Bd6 35. f4 Re8 36. Rh7 Rf8 37. Kd3 Kc7 38. Kd4 Kd7 39. Rh5 Ba3 40. Ke4 Rg8 41. Rh2 Bb4 42. Rc2 Rc8 43. Rc4 Bf8 44. a4 a6 45. Rxc8 Kxc8 46. d6 Kd7 47. Kd5 b6 48. b4 Bh6 49. a5 bxa5 50. bxa5 1-0

[Event "Asturias-chT Preferente 0102"]
[Site "?"]
[Date "2001.11.10"]
[Round "2.1"]
[White "Andres Gonzalez Alberto"]
[Black "Garcia Fernandez Jose Antonio"]
[Result "1-0"]
[WhiteElo "2374"]
[BlackElo "2183"]
[PlyCount "47"]
[EventDate "2001.??.??"]
[Source "www.chesslib.no"]
[SourceDate "2004.05.04"]

1. d4 d5 2. Bg5 Nf6 3. Nc3 Bf5 4. f3 h6 5. Bh4 g5 6. Bf2 Bg7 7. h4 g4 8. e4 Be6 9. e5 Nfd7 10. Nge2 c5 11. dxc5 Nxe5 12. Nd4 gxf3 13. gxf3 Bc8 14. Qe2 Kf8 15. O-O-O e6 16. Ncb5 b6 17. Rg1 Nec6 18. Bh3 Nxd4 19. Bxd4 Bxd4 20. Nxd4 Qf6 21. c6 Ba6 22. Qe3 Bc8 23. Qc3 Ke8 24. c7 1-0

[Event "18.Schlosspark op Wiesbaden"]
[Site "?"]
[Date "1999.08.31"]
[Round "5"]
[White "Vogler Tilmann"]
[Black "Nagel Bernhard"]
[Result "1-0"]
[WhiteElo "2341"]
[BlackElo "2216"]
[PlyCount "151"]
[EventDate "1999.??.??"]
[Source "www.chesslib.no"]
[SourceDate "2004.05.04"]

1. d4 Nf6 2. Nc3 d5 3. Bg5 Bf5 4. f3 Nbd7 5. Qd2 e6 6. g4 Bg6 7. Nh3 c5 8. e3 cxd4 9. exd4 Bb4 10. a3 Bxc3 11. bxc3 h6 12. Bf4 Rc8 13. Rb1 Qe7 14. Rxb7 Qxa3 15. Rb3 Qe7 16. Ba6 Rc6 17. Bb5 Rc8 18. O-O O-O 19. Kg2 Nb6 20. Ra1 Nc4 21. Qe2 Nd6 22. Bd3 Rc6 23. Bg3 Bxd3 24. cxd3 Rfc8 25. Be1 a6 26. Nf2 Nb5 27. Nd1 Nh7 28. Rb2 Nf8 29. f4 Qf6 30. Qe5 Qg6 31. Qe2 Nd7 32. h3 Qf6 33. Qf2 Qg6 34. Qf3 Qf6 35. Rba2 Nb8 36. h4 g6 37. Kg3 Kg7 38. Rh2 Rh8 39. h5 g5 40. Bd2 Rhc8 41. Rf2 Nd7 42. Qe2 Qe7 43. fxg5 hxg5 44. Kh3 f6 45. Qe3 Nf8 46. Be1 Qd8 47. Rf3 Nd7 48. Ra2 e5 49. Re2 Re6 50. Qf2 Qe7 51. Ne3 Qe8 52. Nf5+ Kh7 53. Rfe3 Nxc3 54. Bxc3 Rxc3 55. dxe5 fxe5 56. Qe1 Rc7 57. Nd4 Rf6 58. Nf3 Kh6 59. Nxg5 Qf8 60. Qd2 Kg7 61. Kg3 Qd6 62. Kg2 Rf4 63. Rg3 Rb7 64. Nh3 Rfb4 65. Qg5+ Kh7 66. Rf3 Qe6 67. Rf5 Rb2 68. Rxb2 Rxb2+ 69. Kg3 Rb8 70. Qe3 Kg8 71. Rg5+ Kf8 72. Rg6 Qf7 73. Qh6+ Ke8 74. Rg7 Qf6 75. Rg8+ Ke7 76. Qh7+ 1-0

[Event "Leeuwarden Open"]
[Site "Leeuwarden NED"]
[Date "1993.??.??"]
[Round "9"]
[White "Van der Brink, Peter"]
[Black "Jonkman, Harmen"]
[Result "0-1"]
[WhiteElo "2210"]
[BlackElo "2345"]
[PlyCount "100"]
[EventDate "1993.08.??"]
[Source "www.chesslib.no"]
[SourceDate "2004.05.04"]

1. d4 d5 2. Nc3 Nf6 3. Bg5 Bf5 4. f3 c6 5. Bxf6 exf6 6. e4 dxe4 7. fxe4 Bg6 8. Qd3 Bb4 9. Nge2 O-O 10. a3 Ba5 11. g3 Re8 12. b4 Bb6 13. Bg2 Nd7 14. Nd1 Qe7 15. Nf2 f5 16. e5 Nxe5 17. dxe5 Qxe5 18. Rd1 f4 19. gxf4 Qxf4 20. O-O Qxf2+ 21. Rxf2 Bxd3 22. cxd3 Rxe2 23. d4 Rae8 24. b5 Re1+ 25. Rf1 Rxd1 26. Rxd1 Rd8 27. bxc6 Rxd4 28. Rxd4 Bxd4+ 29. Kf1 bxc6 30. Bxc6 g6 31. Ke2 Kg7 32. a4 f5 33. h3 Kf6 34. Kf3 Be5 35. Bb5 Kg5 36. Bc4 Kf6 37. Bb5 Bc3 38. Bc4 Ba1 39. Bb5 Bb2 40. Bc4 Ba1 41. Bb5 Be5 42. Bc6 Ke7 43. Bb5 g5 44. Bd3 Kf6 45. Bb5 h5 46. Be8 g4+ 47. Kg2 Kg5 48. Bd7 f4 49. Bc6 f3+ 50. Kf2 Kf4 0-1

[Event "Hradec Kralove Open"]
[Site "Hradec Kralove CZE"]
[Date "1995.??.??"]
[Round "6"]
[White "Turner, Jan"]
[Black "Kucera, Petr"]
[Result "1/2-1/2"]
[WhiteElo "2250"]
[BlackElo "2305"]
[PlyCount "22"]
[EventDate "1995.??.??"]
[Source "www.chesslib.no"]
[SourceDate "2004.05.04"]

1. d4 Nf6 2. Nc3 d5 3. Bg5 Bf5 4. f3 c5 5. e4 dxe4 6. d5 exf3 7. Nxf3 a6 8. Bd3 Bxd3 9. Qxd3 Nbd7 10. O-O h6 11. Bxf6 gxf6 1/2-1/2

[Event "Paulisto-ch1"]
[Site "Americana"]
[Date "2000.??.??"]
[Round "6"]
[White "Soares, Cesar"]
[Black "Borges, Leomar Barbero"]
[Result "1-0"]
[WhiteElo "2325"]
[BlackElo "2221"]
[PlyCount "63"]
[EventDate "2000.??.??"]
[Source "www.chesslib.no"]
[SourceDate "2004.05.04"]

1. d4 Nf6 2. Nc3 d5 3. Bg5 Bf5 4. f3 Nbd7 5. Qd2 h6 6. Bh4 c6 7. O-O-O e6 8. a3 Be7 9. Qe1 O-O 10. e4 dxe4 11. fxe4 Bg6 12. Nf3 Nh7 13. Bxe7 Qxe7 14. e5 Rfd8 15. Bd3 Bxd3 16. Rxd3 b5 17. Ne4 Nb6 18. Nd6 a5 19. Nd2 b4 20. Qg3 Rab8 21. Rf1 Rf8 22. axb4 axb4 23. Rdf3 Ng5 24. R3f2 Ra8 25. Nb3 Ra7 26. h4 Nh7 27. Rxf7 Rxf7 28. Rxf7 Qxf7 29. Nxf7 Rxf7 30. Na5 Rc7 31. Qd3 Nf8 32. Qa6 1-0

[Event "Solingen"]
[Site "?"]
[Date "2005.05.29"]
[Round "7.8"]
[White "Scheffner Axel"]
[Black "Krieg Nikolaj"]
[Result "1-0"]
[WhiteElo "2318"]
[BlackElo "2228"]
[PlyCount "61"]
[EventDate "2005.??.??"]
[Source "www.chesslib.no"]
[SourceDate "2004.05.04"]

1. d4 Nf6 2. Nc3 d5 3. Bg5 Bf5 4. f3 Nbd7 5. e3 h6 6. Bh4 c6 7. Bd3 Bxd3 8. cxd3 Qb6 9. Qd2 e6 10. Nge2 Be7 11. Bf2 Qc7 12. Rc1 a6 13. e4 dxe4 14. dxe4 e5 15. O-O O-O 16. d5 c5 17. Ng3 Rfe8 18. Nf5 Bf8 19. g4 Kh7 20. Be3 Ng8 21. g5 g6 22. Nxh6 Nxh6 23. gxh6 f5 24. Bg5 Bd6 25. Nd1 b5 26. exf5 gxf5 27. Qc2 Rf8 28. Ne3 Kg6 29. Kh1 Kxg5 30. Qg2+ Kxh6 31. Rg1 1-0

[Event "Athens Open"]
[Site "Athens GRE"]
[Date "1989.??.??"]
[Round "?"]
[White "Ipek, Ali"]
[Black "Alexakis, Dimitrios"]
[Result "0-1"]
[WhiteElo "2320"]
[BlackElo "2225"]
[PlyCount "84"]
[EventDate "1989.??.??"]
[Source "www.chesslib.no"]
[SourceDate "2004.05.04"]

1. d4 Nf6 2. Nc3 d5 3. Bg5 Bf5 4. f3 c6 5. Bxf6 exf6 6. e4 Be6 7. Bd3 dxe4 8. Bxe4 Bb4 9. Nge2 f5 10. Bd3 O-O 11. Qd2 Nd7 12. a3 Bd6 13. Nf4 Re8 14. O-O-O Qc7 15. Nce2 b5 16. Nxe6 fxe6 17. g4 fxg4 18. fxg4 Nb6 19. Rdf1 a5 20. Qe3 e5 21. Qe4 g6 22. Qg2 Nc4 23. Bxc4+ bxc4 24. d5 Rab8 25. dxc6 e4 26. Nd4 Bf4+ 27. Kb1 c3 28. b3 Qd6 29. Ne2 Qxa3 30. Nxc3 Be5 31. Qe2 Qc5 32. Nd1 Qd4 33. Kc1 Red8 34. Qc4+ Qxc4 35. bxc4 a4 36. Rf2 e3 37. Re2 a3 38. c3 Rd2 39. Rxd2 exd2+ 40. Kxd2 a2 41. Nf2 Rb1 42. c7 Bxc7 0-1

[Event "HUN Ch U18"]
[Site "Paks HUN"]
[Date "1994.??.??"]
[Round "?"]
[White "Cseke, Richard"]
[Black "Dupsky, Laszlo"]
[Result "0-1"]
[WhiteElo "2240"]
[BlackElo "2305"]
[PlyCount "122"]
[EventDate "1994.??.??"]
[Source "www.chesslib.no"]
[SourceDate "2004.05.04"]

1. d4 d5 2. Nc3 Nf6 3. Bg5 Bf5 4. f3 c5 5. Bxf6 gxf6 6. e3 Bh6 7. dxc5 Bxe3 8. Qxd5 Nc6 9. Bd3 Bxd3 10. cxd3 Nb4 11. Qxd8+ Rxd8 12. Ke2 Bxc5 13. Rd1 Rg8 14. g3 Nc2 15. f4 Nd4+ 16. Kd2 h5 17. Nge2 Nf5 18. a3 Ne3 19. Rde1 Ng4 20. Nc1 f5 21. b4 Bf2 22. Re2 h4 23. gxh4 Bxh4 24. Rg1 Rh8 25. h3 Nf6 26. Re5 e6 27. Nb3 Bf2 28. Rh1 Ng4 29. hxg4 Rxh1 30. gxf5 Rh3 31. Nc1 Bd4 32. Re2 Bxc3+ 33. Kxc3 Rc8+ 34. Kb2 Kd7 35. fxe6+ fxe6 36. Nb3 b6 37. Nc1 Rf3 38. Re4 Rf2+ 39. Ne2 Rf3 40. Rd4+ Ke7 41. Re4 Kd6 42. Rxe6+ Kxe6 43. Nd4+ Kf6 44. Nxf3 Kf5 45. Ne1 Kxf4 46. Nc2 Kf3 47. b5 Ke2 48. Nb4 Kd2 49. d4 Ke3 50. d5 Kd4 51. Nc6+ Kc5 52. Nxa7 Ra8 53. Nc6 Kxb5 54. Nb4 Rh8 55. Kc3 Kc5 56. Kb2 Rh3 57. Ka2 Kc4 58. Kb2 Rh2+ 59. Kc1 Kb3 60. d6 Rh1+ 61. Kd2 Rh6 0-1

[Event "Duisburg"]
[Site "?"]
[Date "2005.05.14"]
[Round "2.3"]
[White "Tendick Frank"]
[Black "Meins Gerlef"]
[Result "0-1"]
[WhiteElo "2084"]
[BlackElo "2452"]
[PlyCount "52"]
[EventDate "2005.??.??"]
[Source "www.chesslib.no"]
[SourceDate "2004.05.04"]

1. d4 d5 2. Nc3 Nf6 3. Bg5 Bf5 4. f3 c6 5. e4 dxe4 6. Bxf6 exf6 7. fxe4 Bg6 8. Be2 Bb4 9. Bf3 c5 10. dxc5 Bxc3+ 11. bxc3 Qa5 12. Ne2 Nd7 13. e5 Nxe5 14. Bxb7 Rd8 15. Qb1 Qxc5 16. Qb4 Qxb4 17. cxb4 Rb8 18. Bd5 Rxb4 19. c3 Rb2 20. Nf4 O-O 21. O-O Rc8 22. Nxg6 hxg6 23. Rac1 Nd3 24. Rcd1 Rxc3 25. Rf3 Nc1 26. Rf4 Ne2+ 0-1

[Event "Ruhrgebiet VL1 Team Ch 9596"]
[Site "GER"]
[Date "1995.??.??"]
[Round "?"]
[White "Rost van Tonningen, Otto"]
[Black "Krueger, Erich"]
[Result "1/2-1/2"]
[WhiteElo "2305"]
[BlackElo "2230"]
[PlyCount "43"]
[EventDate "1995.??.??"]
[Source "www.chesslib.no"]
[SourceDate "2004.05.04"]

1. d4 Nf6 2. Nc3 d5 3. Bg5 Bf5 4. f3 Nbd7 5. e3 c6 6. Bd3 Bxd3 7. Qxd3 Qa5 8. Nge2 e6 9. O-O Be7 10. f4 O-O 11. Rf3 c5 12. Rh3 c4 13. Qd1 b5 14. Ng3 b4 15. Nce2 g6 16. Nh1 Rfe8 17. Nf2 h5 18. Rh4 Qd8 19. Qe1 Kg7 20. Kh1 Rh8 21. Ng1 Ne4 22. Bxe7 1/2-1/2

[Event "Omis"]
[Site "?"]
[Date "2005.10.12"]
[Round "4.11"]
[White "Kalajzic Ivan"]
[Black "Armanda Ivica"]
[Result "1-0"]
[WhiteElo "2191"]
[BlackElo "2343"]
[PlyCount "123"]
[EventDate "2005.??.??"]
[Source "www.chesslib.no"]
[SourceDate "2004.05.04"]

1. d4 Nf6 2. Nc3 d5 3. Bg5 Bf5 4. f3 h6 5. Bxf6 gxf6 6. e4 dxe4 7. fxe4 Bh7 8. Nf3 c6 9. Bd3 Qb6 10. Na4 Qc7 11. e5 Nd7 12. Bxh7 Rxh7 13. Qd3 Rg7 14. O-O O-O-O 15. Qe3 Qa5 16. b3 fxe5 17. dxe5 e6 18. c4 Nc5 19. Qc3 Qxc3 20. Nxc3 Rd3 21. Rac1 a5 22. Kh1 Be7 23. Rfd1 Rg8 24. Rxd3 Nxd3 25. Rf1 Rd8 26. Ne4 Kc7 27. g3 Kb6 28. Kg2 Ba3 29. Kh3 Be7 30. Kg4 Nb4 31. Rf2 Nd3 32. Rd2 Bb4 33. Rc2 Nxe5+ 34. Nxe5 f5+ 35. Kf4 fxe4 36. Kxe4 Bc5 37. Nf7 Rd1 38. Nxh6 Re1+ 39. Kf3 Rf1+ 40. Kg4 Bf8 41. Kh5 Kc5 42. Re2 Kd4 43. Rxe6 Rf2 44. h4 Rxa2 45. Nf5+ Kc5 46. Rf6 Kb4 47. Rxf8 Kxb3 48. Rb8 a4 49. Nd6 a3 50. Rxb7+ Kc3 51. g4 Rg2 52. Ra7 a2 53. g5 Kb2 54. c5 Rg3 55. Nc4+ Kb3 56. Ne5 Kb2 57. Rxa2+ Kxa2 58. Nxc6 Rc3 59. g6 Rxc5+ 60. Kg4 Rc4+ 61. Kf5 Rc5+ 62. Ne5 1-0

[Event "HUN Team Ch"]
[Site "HUN"]
[Date "1992.??.??"]
[Round "8"]
[White "Portisch, Gabor"]
[Black "Juhasz, Jozsef"]
[Result "1/2-1/2"]
[WhiteElo "2295"]
[BlackElo "2235"]
[PlyCount "121"]
[EventDate "1992.??.??"]
[Source "www.chesslib.no"]
[SourceDate "2004.05.04"]

1. d4 Nf6 2. Nc3 d5 3. Bg5 Bf5 4. f3 Nbd7 5. e3 c6 6. Bd3 Bxd3 7. Qxd3 Qa5 8. Nge2 e6 9. O-O Bd6 10. Bxf6 Nxf6 11. e4 dxe4 12. Nxe4 Be7 13. a3 O-O 14. b4 Qc7 15. f4 Rfd8 16. c3 b6 17. N2g3 c5 18. f5 cxd4 19. cxd4 e5 20. Nxf6+ Bxf6 21. Nh5 Rxd4 22. Qg3 Kh8 23. Rae1 Rc8 24. Re3 Qd6 25. Nxf6 gxf6 26. Qh3 Rg8 27. Qh5 Rd2 28. Rg3 Qd5 29. Rxg8+ Kxg8 30. Qg4+ Kf8 31. Rc1 Qd4+ 32. Qxd4 Rxd4 33. Rc7 a5 34. b5 Ra4 35. Rb7 Rxa3 36. Rxb6 Kg7 37. Ra6 a4 38. b6 Rb3 39. Rxa4 Rxb6 40. Kf2 h5 41. h4 Kf8 42. Ra8+ Kg7 43. Re8 Rb4 44. g3 e4 45. Kg2 Rb2+ 46. Kg1 Rb3 47. Kg2 Rb2+ 48. Kg1 Rb5 49. Rxe4 Rxf5 50. Kg2 Ra5 51. Rb4 f5 52. Rb6 Ra4 53. Kf3 Rg4 54. Ra6 f4 55. gxf4 Rxh4 56. Ke4 Rh1 57. Kf5 Rg1 58. Ra3 Rg6 59. Rh3 Kh6 60. Rh1 Ra6 61. Rh2 1/2-1/2

[Event "otb"]
[Site "otb"]
[Date "2007.04.20"]
[Round "2"]
[White "Barlocco Carlo"]
[Black "Ronchetti Niccolo"]
[Result "0-1"]
[WhiteElo "2119"]
[BlackElo "2410"]
[PlyCount "104"]
[Source "www.chesslib.no"]
[SourceDate "2004.05.04"]

1. d4 Nf6 2. Nc3 d5 3. Bg5 Bf5 4. f3 Nbd7 5. Nxd5 Nxd5 6. e4 h6 7. Bh4 Ne3 8. Qe2 Nxf1 9. exf5 Nb6 10. c3 Qd5 11. Kxf1 Qxf5 12. Qe4 Qb5+ 13. Qe2 Qd5 14. Nh3 O-O-O 15. Nf4 Qf5 16. Nd3 g5 17. Bg3 Bg7 18. Nc5 e5 19. Bxe5 Rhe8 20. g4 Qg6 21. Qe4 Qxe4 22. Nxe4 Bxe5 23. dxe5 Nc4 24. h4 Nxe5 25. hxg5 Nxf3 26. Nf6 Re6 27. Rxh6 b6 28. Nh7 Nxg5 29. Rxe6 Nxe6 30. Ke2 Rh8 31. Nf6 Rh2+ 32. Ke3 Rxb2 33. a4 a5 34. Rd1 Ra2 35. Rd7 Rxa4 36. Rxf7 Rf4 37. g5 Rf3+ 38. Ke2 Nxg5 39. Rf8+ Kb7 40. Nd7 Rxc3 41. Rb8+ Kc6 42. Ne5+ Kb5 43. Rg8 Ne4 44. Rg4 Nc5 45. Kd2 Rh3 46. Kc2 Re3 47. Nc4 Re4 48. Na3+ Ka4 49. Rg3 b5 50. Nb1 b4 51. Nd2 Re2 52. Rg4 Nb3 0-1

[Event "Wiesbaden Open"]
[Site "Wiesbaden GER"]
[Date "1988.??.??"]
[Round "7"]
[White "Vogler, Tilmann"]
[Black "Duester, Thomas"]
[Result "1/2-1/2"]
[WhiteElo "2210"]
[BlackElo "2315"]
[PlyCount "96"]
[EventDate "1988.??.??"]
[Source "www.chesslib.no"]
[SourceDate "2004.05.04"]

1. d4 Nf6 2. Nc3 d5 3. Bg5 Bf5 4. f3 Nbd7 5. Qd2 e6 6. Nh3 h6 7. g4 Bh7 8. Bf4 a6 9. e3 c5 10. Ne2 b5 11. Nf2 b4 12. h4 Rc8 13. Rc1 Qa5 14. a3 Qa4 15. axb4 cxd4 16. c3 dxc3 17. bxc3 a5 18. g5 Nh5 19. Nd4 axb4 20. Bb5 bxc3 21. O-O Qa3 22. Qe2 Bd6 23. Bxd7+ Kxd7 24. Qb5+ Ke7 25. Ra1 Qc5 26. Bxd6+ Qxd6 27. Ra7+ Kf8 28. f4 Bg6 29. Qb7 Re8 30. Ng4 Qb8 31. Qd7 Qd8 32. Qc6 Kg8 33. Ne5 Kh7 34. Nxg6 fxg6 35. Nxe6 Qc8 36. Qxc8 Rxc8 37. gxh6 Kxh6 38. Ng5 Rhf8 39. Rc1 Ng3 40. Kf2 Nf5 41. Rd7 c2 42. Rxd5 Rc3 43. Re5 Rb8 44. Ke2 Rb1 45. Kd2 Rxc1 46. Kxc3 Re1 47. Kxc2 Rxe3 48. Rxe3 Nxe3+ 1/2-1/2

[Event "AUT Team Ch"]
[Site "Austria"]
[Date "1989.??.??"]
[Round "?"]
[White "Braun, Walter"]
[Black "Herndl, Harald"]
[Result "0-1"]
[WhiteElo "2245"]
[BlackElo "2280"]
[PlyCount "40"]
[EventDate "1989.??.??"]
[Source "www.chesslib.no"]
[SourceDate "2004.05.04"]

1. d4 Nf6 2. Nc3 d5 3. Bg5 Bf5 4. f3 c6 5. Qd2 Nbd7 6. e4 dxe4 7. Qf4 Qa5 8. O-O-O e6 9. Bc4 Nb6 10. Bb3 Nfd5 11. Nxd5 Nxd5 12. Qh4 e3 13. g4 Nc3 14. gxf5 Nxd1 15. Nh3 Nf2 16. Nxf2 Qd2+ 17. Kb1 Qxf2 18. Qh3 Be7 19. Bxe7 Kxe7 20. Rf1 e2 0-1

[Event "CZE-chT1c 9697"]
[Site "Czech Republic"]
[Date "1997.??.??"]
[Round "?"]
[White "Blumel, Otto"]
[Black "Trmal, Jaroslav"]
[Result "1/2-1/2"]
[WhiteElo "2265"]
[BlackElo "2255"]
[PlyCount "153"]
[EventDate "1996.??.??"]
[Source "www.chesslib.no"]
[SourceDate "2004.05.04"]

1. d4 Nf6 2. Nc3 d5 3. Bg5 Bf5 4. f3 Bg6 5. Nh3 e6 6. Nf4 Bd6 7. Qd2 Bf5 8. Nh5 Bg6 9. Nxf6+ gxf6 10. Bh6 f5 11. O-O-O c6 12. h4 f6 13. h5 Bf7 14. e4 fxe4 15. fxe4 Nd7 16. exd5 cxd5 17. Re1 Qa5 18. Nb5 Qxd2+ 19. Kxd2 Bg3 20. Re3 Bb8 21. Rc3 Kd8 22. Rf3 Rg8 23. Rh4 a6 24. Nc3 Bd6 25. Nd1 Ke7 26. g4 b5 27. Bd3 Nb6 28. b3 b4 29. Be3 Rh8 30. Bh6 Rhg8 31. Nf2 a5 32. Rh1 Nd7 33. Re1 e5 34. dxe5 Bxe5 35. Bf4 Rh8 36. Bf5 Be6 37. Bxe6 Kxe6 38. g5 Kd6 39. gxf6 Rhf8 40. Bxe5+ Nxe5 41. Rf5 Rae8 42. Nh3 Nd7 43. Ref1 Nc5 44. Ng5 Ne4+ 45. Nxe4+ Rxe4 46. Kd3 Rf7 47. Rg5 Re6 48. Rff5 Rfxf6 49. Rxd5+ Kc6 50. Rdf5 Rd6+ 51. Kc4 Rxf5 52. Rxf5 Kb6 53. Rb5+ Ka6 54. Rd5 Rc6+ 55. Rc5 Rd6 56. c3 bxc3 57. Kxc3 Kb6 58. Kc4 Rf6 59. Rb5+ Ka6 60. a4 Rf4+ 61. Kc5 Rf6 62. Kd5 Rf5+ 63. Kc6 Rf3 64. Rb6+ Ka7 65. Rb5 Ka6 66. Kd6 Re3 67. Kc7 Rd3 68. b4 axb4 69. Rxb4 Ka5 70. Rb6 Rc3+ 71. Kb7 Kxa4 72. Rh6 Kb5 73. Rxh7 Rc6 74. Rg7 Rh6 75. Rg5+ Kc4 76. Kc7 Kd4 77. Kd7 1/2-1/2

[Event "Santo Domingo it Los Inmortales II"]
[Site "Santo Domingo"]
[Date "2001.01.16"]
[Round "7"]
[White "Montalvo, Alejandro"]
[Black "Mazara, Adan"]
[Result "0-1"]
[WhiteElo "2287"]
[BlackElo "2229"]
[PlyCount "42"]
[EventDate "2001.01.12"]
[Source "www.chesslib.no"]
[SourceDate "2004.05.04"]

1. d4 d5 2. Nc3 Nf6 3. Bg5 Bf5 4. f3 c6 5. Qd2 h6 6. Bh4 Nbd7 7. e3 e5 8. Bd3 Be6 9. Nge2 Bd6 10. O-O-O b5 11. e4 b4 12. Nxd5 cxd5 13. exd5 Bxd5 14. Bxf6 Nxf6 15. Bb5+ Kf8 16. dxe5 Bxe5 17. Bc4 Qa5 18. Bxd5 Rd8 19. Qe3 Rxd5 20. Rxd5 Qxd5 21. Rd1 Bxb2+ 0-1

[Event "Santa Coloma"]
[Site "?"]
[Date "1998.??.??"]
[Round "?"]
[White "Tebar Moreno, JC."]
[Black "Asensio Linan, T."]
[Result "0-1"]
[WhiteElo "2290"]
[BlackElo "2225"]
[PlyCount "76"]
[EventDate "1998.??.??"]
[Source "www.chesslib.no"]
[SourceDate "2004.05.04"]

1. d4 d5 2. Nc3 Nf6 3. Bg5 Bf5 4. f3 Nbd7 5. Nxd5 Nxd5 6. e4 h6 7. Bh4 Ne3 8. Qd3 Nxf1 9. exf5 Nc5 10. Qb5+ c6 11. Qxc5 Ne3 12. Kf2 Nxf5 13. Qxf5 Qxd4+ 14. Kg3 g5 15. Bxg5 hxg5 16. Qe4 Qd6+ 17. Kf2 O-O-O 18. Ne2 e6 19. g3 f5 20. Qc4 Kb8 21. Kg2 Qe5 22. Rhe1 Rd2 23. Rad1 b5 24. Qxc6 Rxe2+ 25. Kf1 Rxe1+ 26. Rxe1 Qd5 27. Qe8+ Kc7 28. Qf7+ Qd7 29. Qxe6 Rxh2 30. Qe5+ Bd6 31. Qe3 Rh1+ 32. Kg2 Rxe1 33. Qxe1 Qc6 34. Kh3 Kb7 35. Qe2 g4+ 36. Kh4 gxf3 37. Qf2 Bc5 38. Qd2 f2 0-1